000 00296nam a22001337a 4500
008 171011b xxu||||| |||| 00| 0 eng d
020 _a9780252018367
041 _aeng
080 _a316
100 _a50
101 _aSOC
245 _aWORKING WOMEN OF COLLAR CITY
_cTURBIN.C
942 _2udc
_cBK
999 _c33073
_d33073